| 000 | 01052nam a2200289Ia 4500 | ||
|---|---|---|---|
| 001 | Para_10083 | ||
| 003 | CHAP | ||
| 008 | 220125sMayo xx 000 0 und d | ||
| 010 | _a208771 | ||
| 040 | _cCHAP | ||
| 090 | _aPA CD - TESIS 162 | ||
| 100 |
_aSánchez González, Tanya _9107563 |
||
| 245 |
_aIdentificación taxonómica de parasitoides e hiperparasitoides momificadores de áfidos asociados al brócoli / _c Tanya Sánchez González; Director Samuel Ramírez Alarcón |
||
| 260 |
_aChapingo, Méx. : _b el autor |
||
| 300 | _a1 CDS ROM (84 p.) | ||
| 502 | _aTesis (Ing. Agr. Esp. en Parasitología Agrícola). UACh. Departamento Parasitología Agrícola | ||
| 520 | _a(M.C. en Protección Vegetal) UACh | ||
| 700 |
_aRamírez Alarcón, Samuel. Director _9175070 |
||
| 710 |
_aUACh. Departamento Parasitología Agrícola _9164025 |
||
| 901 | _aPA CD - TESIS 162 | ||
| 902 | _aM | ||
| 905 | _a513220Mayo, 2012 abnm8100000000 06 | ||
| 910 | _aMayo | ||
| 942 | _cPARA | ||
| 942 |
_cPARA _d2 |
||
| 999 |
_c208771 _d208771 |
||